[Event "SVK-ch U10"]
[Site "Tatralandia"]
[Date "2024.04.07"]
[Round "4"]
[White "Zilincan, Tomas"]
[Black "Andre, Tomas"]
[Result "1/2-1/2"]
[WhiteElo "1733"]
[BlackElo "1929"]
[PlyCount "62"]
[EventDate "2024.04.05"]
[EventType "swiss"]
[EventRounds "9"]
[EventCountry "SVK"]
[SourceTitle "CB16_2024"]
[SourceDate "2024.04.17"]
[SourceVersion "1"]
[SourceVersionDate "2024.04.17"]
[SourceQuality "1"]

1. d4 Nf6 2. e3 g6 3. b3 Bg7 4. Bb2 0-0 5. Nf3 d6 6. Bd3 Nbd7 7. 0-0 Re8 8. Nfd2 e5 9. c4 c6 10. Nc3 a6 11. Nce4 Nxe4 12. Nxe4 Nf6 13. Nxf6+ Bxf6 14. dxe5 Bxe5 15. Bxe5 dxe5 16. Qc2 Qc7 17. Rfd1 Bg4 18. f3 Be6 19. e4 Rad8 20. Rd2 Rd4 21. Rad1 Red8 22. Be2 Qb6 23. Kf1 Kg7 24. Qc3 Rxd2 25. Rxd2 f6 26. Rxd8 Qxd8 27. Qd3 Qxd3 28. Bxd3 c5 29. Ke2 Kf7 30. Kd2 Ke7 31. Kc3 a5 1/2-1/2

[Event "Prague Futures 6th"]
[Site "Prague"]
[Date "2024.03.05"]
[Round "7"]
[White "Guntaka, Aayansh R"]
[Black "Andre, Tomas"]
[Result "1/2-1/2"]
[WhiteElo "1767"]
[BlackElo "1915"]
[PlyCount "88"]
[EventDate "2024.02.27"]
[EventType "tourn"]
[EventRounds "9"]
[EventCountry "CZE"]
[SourceTitle "CB11_2024"]
[SourceDate "2024.03.13"]
[SourceVersion "1"]
[SourceVersionDate "2024.03.13"]
[SourceQuality "1"]

1. e4 c5 2. Nf3 e6 3. d4 cxd4 4. Nxd4 Nf6 5. Nc3 Nc6 6. Nxc6 bxc6 7. Bd3 d5 8. 0-0 Be7 9. Qf3 0-0 10. e5 Nd7 11. Qh3 f5 12. Re1 Nc5 13. Ne2 Rb8 14. Nf4 Nxd3 15. Qxd3 Qb6 16. Qg3 Bc5 17. h4 Kh8 18. h5 Re8 19. Nh3 Rb7 20. Qh4 Qb4 21. Bf4 Be7 22. Qg3 Bd8 23. b3 Qf8 24. Ng5 h6 25. Nf3 Qf7 26. Qh3 Rb4 27. Be3 Bb6 28. Bxb6 axb6 29. c3 Re4 30. Nd4 Bd7 31. a4 c5 32. Nf3 Ra8 33. Nd2 Rxe1+ 34. Rxe1 Be8 35. c4 d4 36. Qf3 Rd8 37. Ra1 Qxh5 38. Qb7 Qf7 39. Qxb6 Rc8 40. a5 Qd7 41. a6 Qc6 42. Qxc6 Bxc6 43. Ra5 Ba8 44. Rb5 Kh7 1/2-1/2

[Event "EU-ch U08 rapid"]
[Site "Terme Catez"]
[Date "2023.09.28"]
[Round "2"]
[White "Andre, Tomas"]
[Black "Bubalo, Ivan"]
[Result "1-0"]
[WhiteElo "1538"]
[BlackElo "1201"]
[PlyCount "21"]
[EventDate "2023.09.28"]
[EventType "swiss (rapid)"]
[EventRounds "9"]
[EventCountry "SLO"]
[SourceTitle "EXT 2024"]
[Source "ChessBase"]
[SourceDate "2023.10.10"]
[SourceVersion "1"]
[SourceVersionDate "2023.10.10"]
[SourceQuality "1"]

1. e4 e5 2. Bc4 Bc5 3. Nf3 Bb6 4. Nxe5 Qh4 5. 0-0 c5 6. Nxf7 Bc7 7. g3 Qh3 8. Nxh8 Nf6 9. Qf3 Ng4 10. Qf7+ Kd8 11. Qf8# 1-0

[Event "SVK-ch U08"]
[Site "Dudince"]
[Date "2023.04.22"]
[Round "8"]
[White "Slamka, Matias"]
[Black "Andre, Tomas"]
[Result "0-1"]
[WhiteElo "1000"]
[BlackElo "1523"]
[PlyCount "48"]
[EventDate "2023.04.16"]
[EventType "swiss"]
[EventRounds "9"]
[EventCountry "SVK"]
[SourceTitle "CBM 213 Extra"]
[Source "ChessBase"]
[SourceDate "2023.05.31"]
[SourceVersion "1"]
[SourceVersionDate "2023.05.31"]
[SourceQuality "1"]

1. e4 c5 2. Nf3 e6 3. Nc3 Nc6 4. d4 cxd4 5. Nxd4 a6 6. Bf4 Bc5 7. Be3 Nxd4 8. Bxd4 Bxd4 9. Qxd4 f6 10. e5 Qc7 11. f4 fxe5 12. fxe5 Ne7 13. 0-0-0 Nc6 14. Qe4 Qxe5 15. Qxe5 Nxe5 16. Bd3 Nxd3+ 17. Rxd3 0-0 18. g4 d5 19. h4 Bd7 20. g5 Bc6 21. h5 d4 22. Rh2 dxc3 23. Rxc3 Rad8 24. g6 Rf1# 0-1

[Event "SVK-ch U08"]
[Site "Dudince"]
[Date "2023.04.17"]
[Round "2"]
[White "Andre, Tomas"]
[Black "Viglas, Richard"]
[Result "1-0"]
[WhiteElo "1523"]
[BlackElo "1242"]
[PlyCount "37"]
[EventDate "2023.04.16"]
[EventType "swiss"]
[EventRounds "9"]
[EventCountry "SVK"]
[SourceTitle "CBM 213 Extra"]
[Source "ChessBase"]
[SourceDate "2023.05.31"]
[SourceVersion "1"]
[SourceVersionDate "2023.05.31"]
[SourceQuality "1"]

1. e4 e6 2. d4 d5 3. Nd2 dxe4 4. Nxe4 Nd7 5. Nf3 Ngf6 6. Nxf6+ Nxf6 7. Bd3 b6 8. Ne5 Bb7 9. Bb5+ Ke7 10. Bc6 Qb8 11. Qf3 Ba6 12. Bxa8 Qc8 13. b3 c5 14. Ba3 g6 15. dxc5 Bh6 16. cxb6+ Qc5 17. Bxc5+ Ke8 18. Qc6+ Kd8 19. Nxf7# 1-0

[Event "SVK-ch U08"]
[Site "Stara Lubovna"]
[Date "2022.05.25"]
[Round "6"]
[White "Rogac, Alexander"]
[Black "Andre, Tomas"]
[Result "0-1"]
[WhiteElo "1000"]
[BlackElo "1088"]
[PlyCount "68"]
[EventDate "2022.05.21"]
[EventType "swiss"]
[EventRounds "9"]
[EventCountry "SVK"]
[SourceTitle "CBM 208 Extra"]
[Source "ChessBase"]
[SourceDate "2022.07.31"]
[SourceVersion "1"]
[SourceVersionDate "2022.07.31"]
[SourceQuality "1"]

1. e4 e6 2. d4 d5 3. e5 c5 4. Nc3 Nc6 5. Bb5 Bd7 6. Bxc6 Bxc6 7. Be3 Qb6 8. b3 Qb4 9. Qd2 c4 10. a3 Qa5 11. bxc4 dxc4 12. Nb1 Qxd2+ 13. Nxd2 Bxg2 14. f3 c3 15. Nc4 b6 16. Kf2 Bxh1 17. Nh3 Rc8 18. Nd6+ Bxd6 19. exd6 Bxf3 20. Kxf3 Nf6 21. Rg1 g6 22. Bf4 0-0 23. Bh6 Rfe8 24. Bg5 Nd7 25. Be3 e5 26. d5 e4+ 27. Kf2 Rcd8 28. Bf4 Nf6 29. Rd1 e3+ 30. Bxe3 Ng4+ 31. Kf3 Nxe3 32. Rd3 Nxc2 33. Rxc3 Nd4+ 34. Kf4 Ne2+ 0-1

[Event "SVK-ch U08"]
[Site "Stara Lubovna"]
[Date "2022.05.23"]
[Round "4"]
[White "Zilincan, Tomas"]
[Black "Andre, Tomas"]
[Result "0-1"]
[WhiteElo "1000"]
[BlackElo "1088"]
[PlyCount "112"]
[EventDate "2022.05.21"]
[EventType "swiss"]
[EventRounds "9"]
[EventCountry "SVK"]
[SourceTitle "CBM 208 Extra"]
[Source "ChessBase"]
[SourceDate "2022.07.31"]
[SourceVersion "1"]
[SourceVersionDate "2022.07.31"]
[SourceQuality "1"]

1. c4 e5 2. Nc3 Bb4 3. Qb3 Nc6 4. g3 Nd4 5. Qd1 Bxc3 6. dxc3 Nc6 7. Bg2 Nf6 8. Bg5 0-0 9. Nf3 d6 10. 0-0 Bf5 11. Re1 Re8 12. e4 Bg4 13. Qd2 Re6 14. Be3 Nxe4 15. Qd3 Bf5 16. Nd2 Nxg3 17. Ne4 Nxe4 18. Bxe4 Rg6+ 19. Kf1 Bxe4 20. Qxe4 Qc8 21. c5 Qh3+ 22. Ke2 Qg4+ 23. Qxg4 Rxg4 24. cxd6 cxd6 25. Rad1 Rd8 26. Kf3 Rg6 27. b4 b5 28. Rg1 Rf6+ 29. Ke2 d5 30. Bg5 Rfd6 31. Bxd8 Rxd8 32. Rg2 d4 33. Rc1 dxc3 34. Rxc3 Nxb4 35. a3 Nd5 36. Rg1 Nxc3+ 37. Kf3 Rd3+ 38. Kg4 Ne4 39. f3 Nf6+ 40. Kg3 e4 41. Kf2 Rxf3+ 42. Ke2 Rxa3 43. Rd1 Ra2+ 44. Ke1 g6 45. Rd8+ Kg7 46. Rd1 Rxh2 47. Rd4 a5 48. Rd8 a4 49. Rb8 Rb2 50. Rd8 a3 51. Rd1 a2 52. Rd2 a1Q+ 53. Rd1 Rb1 54. Ke2 Rxd1 55. Kf2 Qb2+ 56. Ke3 Qd2# 0-1

[Event "SVK-ch U08"]
[Site "Stara Lubovna"]
[Date "2022.05.22"]
[Round "2"]
[White "Viglas, Richard"]
[Black "Andre, Tomas"]
[Result "0-1"]
[WhiteElo "1000"]
[BlackElo "1088"]
[PlyCount "102"]
[EventDate "2022.05.21"]
[EventType "swiss"]
[EventRounds "9"]
[EventCountry "SVK"]
[SourceTitle "CBM 208 Extra"]
[Source "ChessBase"]
[SourceDate "2022.07.31"]
[SourceVersion "1"]
[SourceVersionDate "2022.07.31"]
[SourceQuality "1"]

1. e4 e6 2. Nf3 d5 3. exd5 exd5 4. c4 d4 5. Bd3 Nc6 6. 0-0 Nb4 7. Be2 d3 8. a3 Nc2 9. Ra2 dxe2 10. Qxe2+ Qe7 11. Qxe7+ Bxe7 12. b4 Nxb4 13. axb4 Bxb4 14. Re1+ Be7 15. Ba3 Be6 16. d3 Bxa3 17. Nxa3 Nf6 18. d4 0-0 19. d5 Bg4 20. Ne5 Rfe8 21. Nb5 Rac8 22. Nxa7 Ra8 23. f3 Bf5 24. g3 Nd7 25. Kf1 Rxe5 26. Rxe5 Nxe5 27. f4 Nxc4 28. Re2 Bd3 29. Nb5 Bxe2+ 30. Kxe2 c6 31. Nc7 Rc8 32. d6 Nxd6 33. h4 Rxc7 34. g4 b5 35. Ke3 b4 36. f5 b3 37. Kd2 b2 38. Kc2 Rb7 39. Kb1 f6 40. g5 Nxf5 41. gxf6 Nxh4 42. fxg7 c5 43. Kc2 b1Q+ 44. Kc3 Rb2 45. Kc4 Qc1+ 46. Kd5 Rd2+ 47. Ke5 Qe1+ 48. Kf6 Rf2+ 49. Kg5 Qg1+ 50. Kh5 Rh2 51. Kh6 Nf3# 0-1